| 000 | 00990nam a2200181Ia 4500 | ||
|---|---|---|---|
| 003 | Ost | ||
| 005 | 20260507075114.0 | ||
| 008 | 260507s9999||||xx |||||||||||||| ||und|| | ||
| 040 | _cfsecg | ||
| 041 | _aara | ||
| 100 |
_aالصحن، عبد الفتاح محمد _eمؤلف |
||
| 245 | 0 |
_aالمراجعة بين النظرية والتطبيق / _c عبد الفتاح محمد الصحن |
|
| 260 |
_aالاسكندرية: _bالدار الجامعية, _c1998 |
||
| 300 |
_a400 صفحة؛ _bإيضاحات ؛ _c24 سم |
||
| 520 | _aعلم المراجعة،المراجعة الادارية،أساليب المعاينة الاحصائية في المراجعة،الاجراءات التحليلية في المراجعة،الفحص الخاص،مراجعة التنبؤات المالية،فحص القوائم المالية المرحلية،مراجعة البنوك التجارية، | ||
| 700 |
_aدرويش، محمود ناجي _eمؤلف ثانوي |
||
| 942 | _cكتاب | ||
| 999 |
_c42982 _d42982 |
||